01181cam a2200181 45000010005000000100017000050200022000220820017000441000024000612450121000852600081002063000028002875040051003155050530003666500031008966500026009277000046009536966 a 2003050970 a0333990153 (pbk.)00a658.3/012211 aHarrison, Rosemary.10aHuman resource development in a knowledge economy :ban organisational view /cRosemary Harrison and Joseph Kessels. aHoundmills, Basingstoke, Hampshire ;aNew York :bPalgrave Macmillan,c2004. axviii, 301 p. ;c25 cm. aIncludes bibliographical references and index. aPART ONE: THE EMERGING KNOWLEDGE ECONOMY.- Setting the Scene.- Organizational Perspectives: Strategizing....- ... And Organizing.- HRD Country Frameworks.- HRD: Emerging Challenges.- HRD: The State of Play.- PART TWO: Building Knowledge Productive Organizations.- Notions of Knowledge.- The Knowledge Productive Organization.- Researching Knowledge Productivity.- New Technology, the Knowledge Process and HRD.- PART THREE: HRD: Challenges in a Knowledge Economy.- The Ethical Dimension.- Where to now for HRD.grt 0aHuman capitalxManagement. 0aKnowledge management.1 aKessels, J. W. M.q(Joseph W. M.),d1952-